banner koha

Raça Alpina: algumas considerações (Registro n. 337263)

MARC details
000 -LÍDER
campo de controle de tamanho fixo 01308naa a22002777a 4500
001 - NÚMERO DE CONTROLE
campo de controle BR2013001785
003 - IDENTIFICADOR DO NÚMERO DE CONTROLE
campo de controle BR-BrBNA
005 - DATA E HORÁRIO DA ÚLTIMA TRANSAÇÃO
campo de controle 20250721155549.0
007 - CAMPO FIXO DE DESCRIÇÃO FÍSICA--INFORMAÇÃO GERAL
campo de controle de tamanho fixo ta
008 - CAMPO DE DADOS FIXOS--INFORMAÇÃO GERAL
campo de controle de tamanho fixo 250630b bl.|||m| |||| 00| 0 por d
040 ## - FONTE DA CATALOGAÇÃO
Instituição da catalogação original BR-BrBNA
Idioma da catalogação por
Instituição que transcreveu o registro Biblioteca Nacional de Agricultura
041 ## - CÓDIGO DE IDIOMA
Código do idioma do texto/trilha sonora ou título diferente (Pt)
072 ## - CÓDIGO DE CATEGORIA DE ASSUNTO
Código de Categoria de Assunto L01
Código do objeto 5250
090 ## - NÚMERO DE CHAMADA LOCAL
Número de chamada L01 BR2013001785
100 1# - ENTRADA PRINCIPAL--NOME PESSOAL
Nome pessoal Espeschit, C.J.B.
111 1# - ENTRADA PRINCIPAL--NOME DO EVENTO
Nome do evento ou lugar 9. Workshop sobre Produção de Caprinos na Região da Mata Atlântica
Local do evento Juiz de Fora, MG (Brazil)
Data do evento ou assinatura do tratado Jun 2012
245 1# - TÍTULO
Título Raça Alpina: algumas considerações
490 ## - TÍTULO DA SÉRIE
Título da série Documentos - EMBRAPA Gado de Leite (Brazil)
Número do volume ou designação sequencial da série no. 155
ISSN - International Standard Serial Number ISSN 1516-7453
500 ## - NOTA GERAL
Nota geral Anais do 9. Workshop sobre Produção de Caprinos na Região da Mata Atlântica<br/>Fonseca, J.F. deFerreira, M.I.C.Marinho, A.C.S.Rodrigues, I.M.<br/>Juiz de Fora, MG (Brasil): 2012. p. 23-40 [25 ref.; 8 illus.]<br/>(BR2013001785-AMS)<br/>
650 ## - ASSUNTO--TERMO TÓPICO
Cabeçalho tópico ou nome geográfico CAPRINO
650 ## - ASSUNTO--TERMO TÓPICO
Cabeçalho tópico ou nome geográfico CAPRINOCULTURA
650 ## - ASSUNTO--TERMO TÓPICO
Cabeçalho tópico ou nome geográfico RAÇA
773 0# - ENTRADA ANALÍTICA
Título Anais do 9. Workshop sobre Produção de Caprinos na Região da Mata Atlântica
Entrada principal Fonseca, J.F. de; Ferreira, M.I.C.; Marinho, A.C.S.; Rodrigues, I.M.. EMBRAPA Gado de Leite, Juiz de Fora, MG (Brasil)
Número de controle do registro L01 BR2013001785
Partes relacionadas Juiz de Fora, MG (Brasil), 2012. p. 23-40
942 ## - ELEMENTOS DE ENTRADA ADICIONADOS (KOHA)
Tipo de material Koha Analítica de Monografia Seriada
Fonte da classificação ou esquema de arquivamento na estante Classificação AGRIS
909 ## -
-- 202506
-- Lúcia
-- 55
-- Lúcia Elande
Exemplares
Situação do descarte Fonte da classificação ou esquema de arquivamento na estante Situação física Não pode ser emprestado Coleção Biblioteca de origem Biblioteca atual Total de empréstimos Data de último acesso Número do exemplar Tipo de material Koha Situação das perdas Data de aquisição Fonte de aquisição
  Classificação AGRIS       Biblioteca Nacional de Agricultura - Binagri Biblioteca Nacional de Agricultura - Binagri   30/06/2025 01 Analítica de Monografia Seriada   2025-06-30 Portaria Interministerial nº 164/94

BINAGRI

Telefone: (61)3218-2567/2388/3357/2097 - binagri@agro.gov.br

Ministério da Agricultura e Pecuária , Esplanada dos Ministérios, Bloco D, Anexo B, Brasília/DF, CEP: 70.043-900